000 00619nam a2200181 i 4500
001 145328
003 ES-MaACL
005 20230906201217.0
007 t|
008 070214s1902 sp r ||||1| spa d
080 _a355.336.2(460)
100 1 _aSoriano, Julio Benito.
_9107384
245 1 0 _aProyecto de reglamento para la instrucción táctica de las tropas de Infantería /
_cpor Julio Benito Soriano.
260 _aGuadalajara :
_b[s. n.],
_c1902 (
_fColegio de Huérfanos de la Guerra)
300 _a319 p., 7 h. pleg. ;
_c20 x 13 cm.
650 4 _aInfantería-
_xTáctica.
_9156316
852 4 _aES-MaACL
_jG-8759
999 _c145328
_d145328